W. Wight Miss A.M. Moss (The Executors of Miss N. Wight (deceased)) and Commissioners of Inland Revenue. (Record no. 96839)

MARC details
000 -LEADER
fixed length control field 00731cam a2200217 4500
001 - CONTROL NUMBER
control field J88472
008 - FIXED-LENGTH DATA ELEMENTS--GENERAL INFORMATION
fixed length control field 090401t1981 xxu||||| |||| 00| 0 eng d
035 ## - SYSTEM CONTROL NUMBER
System control number (Sirsi) u82859
041 ## - LANGUAGE CODE
Language code of text/sound track or separate title eng
110 ## - MAIN ENTRY--CORPORATE NAME
Corporate name or jurisdiction name as entry element England and Wales
Subordinate unit Lands Tribunal
9 (RLIN) 1252
245 ## - TITLE STATEMENT
Title W. Wight Miss A.M. Moss (The Executors of Miss N. Wight (deceased)) and Commissioners of Inland Revenue.
260 ## - PUBLICATION, DISTRIBUTION, ETC.
Date of publication, distribution, etc. DET/1/1981
300 ## - PHYSICAL DESCRIPTION
Extent 11p. ; 30cm.
350 ## - PRICE (NR) (BK AM CF MU VM SE) [OBSOLETE]
Price 0
490 ## - SERIES STATEMENT
Series statement Lands Tribunal
Volume/sequential designation DET/1/1981
520 ## - SUMMARY, ETC.
Summary, etc. 42 Totterdown Road Weston-Super-Mare DET/1/1981 Known as Nelly Wight Case - Filed in Filing Cabinet
650 ## - SUBJECT ADDED ENTRY--TOPICAL TERM
Topical term or geographic name entry element JOINT TENANCIES
650 ## - SUBJECT ADDED ENTRY--TOPICAL TERM
Topical term or geographic name entry element WIGHT AND ANOTHER V INLAND REVENUE COMMISSIONERS
942 ## - ADDED ENTRY ELEMENTS (KOHA)
Suppress in OPAC 0
948 ## - LOCAL PROCESSING INFORMATION (OCLC); SERIES PART DESIGNATOR (RLIN)
c (OCLC) 22/12/1997
Holdings
Withdrawn status Lost status Source of classification or shelving scheme Damaged status Not for loan Home library Current library Shelving location Date acquired Total Checkouts Full call number Barcode Date last seen Date last checked out Copy number Price effective from Koha item type
    Dewey Decimal Classification     London London Basement 11/04/2008 2 RESERVE SHELVES 30054616 06/08/2019 11/04/2008 2 06/08/2019 Reference material